00359nam a2200169Ia 4500003000400000005001700004008004100021020001800062040000700080041000800087082001500095100001900110245001900129260002000148300000900168650001200177OSt20251105105130.0250729s2003 xx 000 0 und d a9781859963258 cAL aeng a574.2 JURA aJurd D Richard aAnimal biology aNew Delhic2003 a294p aBiology